Les Meilleurs buteurs de la Ligue des champions de l'UEFA - Statistiques

Statistiques générales
  • Ce quiz a été pris 319 fois
    85 depuis la dernière actualisation
  • Le résultat moyen est 13 sur 15
Statistiques - réponses
Buts Nationalité Clubs successifs Joueur % Correct
141 Portugal Manchester United (22), Real Madrid (105), Juventus (14) Cristiano Ronaldo
100%
129 Argentine FC Barcelone (120), Paris SG (9) Lionel Messi
100%
90 France Olympique lyonnais (12), Real Madrid (78) Karim Benzema
99%
105 Pologne Borussia Dortmund (17), Bayern Munich (69), FC Barcelone (19) Robert Lewandowski
97%
51 Égypte FC Bâle (5), AS Rome (1), Liverpool FC (45) Mohamed Salah
96%
49 Suède Ajax Amsterdam (7), Juventus (3), Inter Milan (6), FC Barcelone (4), AC Milan (9), Paris SG (20) Zlatan Ibrahimović
96%
55 France AS Monaco (6); Paris Saint-Germain (42); Real Madrid (7) Kylian Mbappé
95%
51 France AS Monaco (7), Arsenal FC (35), FC Barcelone (9) Thierry Henry
93%
57 Allemagne Bayern Munich (57) Thomas Müller
93%
49 Norvège Red Bull Salzbourg (8), Borussia Dortmund (15), Manchester City (26) Erling Haaland
92%
71 Espagne Real Madrid (66), Schalke 04 (5) Raúl
85%
59 Ukraine Dynamo Kiev (22), AC Milan (33), Chelsea FC (4) Andriy Chevtchenko
83%
50 Italie Juventus (17), AC Milan (33) Filippo Inzaghi
71%
60 Pays-Bas PSV Eindhoven (9), Manchester United (38), Real Madrid (13) Ruud van Nistelrooy
68%
49 Argentine / Espagne Real Madrid (49) Alfredo Di Stéfano
64%
Aucun quiz correspondant
Distribution des résultats
% des personnes avec chaque résultat
Percentile par nombre de réponses
Votre historique - résultats
Vous n’avez pas pris ce quiz depuis la dernière actualisation